Statistics for Countries Furthest from the Equator with Exceptions #2

Click here to take the quiz!

General Stats

  • This quiz has been taken 103 times
  • The average score is 16 of 20

Answer Stats

° from EquatorCountry% Correct
34.41New Zealand
98%
22.20South Africa
94%
28.34Lesotho
91%
30.05Uruguay
90%
25.44Eswatini
89%
21.48Argentina
87%
17.19Chile
86%
16.56Namibia
86%
15.37Zimbabwe
86%
12.30Fiji
84%
11.57Madagascar
82%
10.27Mozambique
82%
17.46Botswana
81%
19.17Paraguay
80%
13.25Samoa
75%
15.36Tonga
75%
9.40Bolivia
72%
13.07Vanuatu
71%
11.22Comoros
69%
10.25Mauritius
64%

Score Distribution

Percentile by Number Answered

Percent of People with Each Score

Your Score History

You have not taken this quiz